[Event "British Rapidplay"]
[Site "Peterborough"]
[Date "2024.03.02"]
[Round "1"]
[White "Davies, Peter L"]
[Black "Gasanov, Eldar"]
[Result "0-1"]
[WhiteElo "1895"]
[BlackElo "2474"]
[PlyCount "84"]
[EventDate "2024.03.02"]
[EventType "swiss (rapid)"]
[EventRounds "11"]
[EventCountry "ENG"]
[SourceTitle "CB10_2024"]
[SourceDate "2024.03.06"]
[SourceVersion "1"]
[SourceVersionDate "2024.03.06"]
[SourceQuality "1"]

1. c4 e5 2. Nc3 d6 3. g3 Be7 4. Bg2 f5 5. d3 Nf6 6. h4 0-0 7. Bg5 c6 8. e3 Be6 9. Nge2 Nbd7 10. Qd2 h6 11. Bxf6 Nxf6 12. b3 d5 13. cxd5 cxd5 14. d4 e4 15. Nf4 Bf7 16. 0-0 Rc8 17. Rac1 Bb4 18. Qb2 Qe7 19. Nb1 g5 20. hxg5 hxg5 21. Nh3 Nd7 22. a3 Bd6 23. b4 Kg7 24. Nc3 Nb6 25. Nb5 Bb8 26. Rc5 Na4 27. Qb3 Nxc5 28. bxc5 b6 29. Nd6 Bxd6 30. cxd6 Qf6 31. Qa4 a5 32. Rb1 Rb8 33. Bf1 Rfd8 34. d7 Be6 35. Qb3 Rxd7 36. Rc1 Bf7 37. Be2 Rh8 38. Kg2 Be6 39. Rh1 Kg6 40. Nf4+ gxf4 41. Rxh8 f3+ 42. Kf1 Qxh8 0-1

[Event "British Rapidplay"]
[Site "Peterborough"]
[Date "2024.03.02"]
[Round "2"]
[White "Keshari, Rohit"]
[Black "Davies, Peter L"]
[Result "0-1"]
[WhiteElo "1647"]
[BlackElo "1895"]
[PlyCount "112"]
[EventDate "2024.03.02"]
[EventType "swiss (rapid)"]
[EventRounds "11"]
[EventCountry "ENG"]
[SourceTitle "CB10_2024"]
[SourceDate "2024.03.06"]
[SourceVersion "1"]
[SourceVersionDate "2024.03.06"]
[SourceQuality "1"]

1. d4 Nf6 2. e3 g6 3. Bd3 Bg7 4. Nd2 d6 5. f4 e5 6. fxe5 dxe5 7. dxe5 Ng4 8. Ndf3 0-0 9. h3 Nxe5 10. Nxe5 Qh4+ 11. Kf1 Bxe5 12. Nf3 Qf6 13. e4 Bxb2 14. Bg5 Qg7 15. Rb1 Nc6 16. Qd2 Bc3 17. Qf4 Be5 18. Qc1 Re8 19. Kf2 b6 20. Rf1 Be6 21. Rb5 a6 22. Nxe5 Nxe5 23. Rxe5 Qxe5 24. Kg1 f5 25. exf5 Bxf5 26. Bxf5 gxf5 27. Bf4 Qd5 28. Qa3 Re2 29. Qg3+ Kf7 30. Bh6 Rxg2+ 31. Qxg2 Rg8 32. Qxg8+ Kxg8 33. Rf2 Kf7 34. Rg2 Qd1+ 35. Kf2 Qxc2+ 36. Kf3 Qe4+ 37. Kg3 c5 38. Kh2 c4 39. Rg7+ Ke6 40. Rg8 Qe2+ 41. Rg2 Qh5 42. Bc1 b5 43. a3 Qd1 44. Bb2 a5 45. Rg1 Qd6+ 46. Kh1 b4 47. Re1+ Kf7 48. axb4 axb4 49. Be5 Qd5+ 50. Kg1 c3 51. Bh8 Qd3 52. Ra1 b3 53. Ra7+ Kg6 54. Rg7+ Kh6 55. Kg2 c2 56. Rg3 Qe2+ 0-1

[Event "British Rapidplay"]
[Site "Peterborough"]
[Date "2024.03.02"]
[Round "4"]
[White "Zhao, George"]
[Black "Davies, Peter L"]
[Result "1-0"]
[WhiteElo "1851"]
[BlackElo "1895"]
[PlyCount "109"]
[EventDate "2024.03.02"]
[EventType "swiss (rapid)"]
[EventRounds "11"]
[EventCountry "ENG"]
[SourceTitle "CB10_2024"]
[SourceDate "2024.03.06"]
[SourceVersion "1"]
[SourceVersionDate "2024.03.06"]
[SourceQuality "1"]

1. d4 Nf6 2. Nf3 g6 3. g3 Bg7 4. Bg2 0-0 5. 0-0 d6 6. c4 Nc6 7. Nc3 a6 8. e4 e5 9. dxe5 Nxe5 10. Nxe5 dxe5 11. Bg5 c6 12. Qc2 Be6 13. b3 h6 14. Be3 Qe7 15. Na4 Nd7 16. Rad1 f5 17. Qc1 Kh7 18. Rd3 Rad8 19. Rfd1 fxe4 20. Bxe4 Bf5 21. Bxf5 gxf5 22. Qd2 Rf7 23. Bb6 Nxb6 24. Rxd8 Nd5 25. Ra8 Nf6 26. Qd8 Qa3 27. Qd2 e4 28. Rd8 Ng4 29. Qe2 Ne5 30. Kg2 b5 31. cxb5 axb5 32. Nb6 Qa5 33. Nc8 Nd3 34. R8xd3 exd3 35. Qxd3 Qa4 36. a3 Qxa3 37. Nd6 Qa2 38. Nxf5 Rf8 39. Rd2 Kh8 40. Ne7 Qa5 41. Nxc6 Re8 42. Qg6 Qb6 43. Ne5 Rf8 44. Qd6 Qb7+ 45. Qc6 Qxc6+ 46. Nxc6 Rc8 47. Rd8+ Rxd8 48. Nxd8 Kg8 49. Kf3 Bf6 50. Nc6 Kf7 51. Ke4 Ke6 52. Nd4+ Kd6 53. Nxb5+ Kc5 54. Nc7 Bd8 55. Ne6+ 1-0

[Event "BCF-chT4 2223 (4NCL)"]
[Site "England"]
[Date "2023.03.26"]
[Round "8.36"]
[White "Davies, Peter L"]
[Black "Bozhgulova, Zaynabkhan"]
[Result "1/2-1/2"]
[WhiteElo "1879"]
[BlackElo "1333"]
[PlyCount "71"]
[EventDate "2022.11.05"]
[EventType "team-swiss"]
[EventRounds "11"]
[EventCountry "ENG"]
[SourceTitle "EXT 2024"]
[Source "ChessBase"]
[SourceDate "2023.10.10"]
[SourceVersion "1"]
[SourceVersionDate "2023.10.10"]
[SourceQuality "1"]
[WhiteTeam "The Full Ponty"]
[BlackTeam "Coventry"]
[WhiteTeamCountry "ENG"]
[BlackTeamCountry "ENG"]

1. d4 Nf6 2. c4 g6 3. Nc3 d5 4. Nf3 Bg7 5. Qb3 c6 6. Bf4 dxc4 7. Qxc4 Be6 8. Qa4 Nbd7 9. Ng5 Nb6 10. Nxe6 Nxa4 11. Nxd8 Rxd8 12. Be5 Nb6 13. e3 Nbd7 14. Bg3 Nh5 15. Bh4 h6 16. Be2 Nhf6 17. 0-0 g5 18. Bg3 h5 19. h4 gxh4 20. Bxh4 Ng4 21. Ne4 Rg8 22. Bc4 Bh6 23. a4 Rg6 24. a5 Ngf6 25. Nxf6+ Nxf6 26. Bxf6 Rxf6 27. b4 a6 28. Rad1 Rfd6 29. Be2 Rd5 30. f4 e6 31. Bf3 Rb5 32. Be2 Rxb4 33. Rb1 Rxb1 34. Rxb1 Rd7 35. Bxh5 Kd8 36. Bf3 1/2-1/2

[Event "BCF-chT4 2223 (4NCL)"]
[Site "England"]
[Date "2023.02.04"]
[Round "5.24"]
[White "Eckert, Jonathan"]
[Black "Davies, Peter L"]
[Result "0-1"]
[WhiteElo "1715"]
[BlackElo "1879"]
[PlyCount "50"]
[EventDate "2022.11.05"]
[EventType "team-swiss"]
[EventRounds "11"]
[EventCountry "ENG"]
[SourceTitle "EXT 2024"]
[Source "ChessBase"]
[SourceDate "2023.10.10"]
[SourceVersion "1"]
[SourceVersionDate "2023.10.10"]
[SourceQuality "1"]
[WhiteTeam "Kingston II"]
[BlackTeam "The Full Ponty"]
[WhiteTeamCountry "ENG"]
[BlackTeamCountry "ENG"]

1. e4 e5 2. Nc3 Nf6 3. Bc4 c6 4. d3 d5 5. exd5 cxd5 6. Bb5+ Nc6 7. Nf3 d4 8. Bxc6+ bxc6 9. Ne4 Be7 10. 0-0 Qc7 11. c4 Nxe4 12. dxe4 0-0 13. Qd3 f5 14. Re1 f4 15. g3 g5 16. h4 g4 17. Nxe5 Qxe5 18. Bxf4 Rxf4 19. gxf4 Qxf4 20. Qxd4 Bd6 21. Rad1 Qh2+ 22. Kf1 g3 23. Rd3 g2+ 24. Ke2 Bg4+ 25. f3 g1Q+ 0-1

[Event "Berks & Bucks op"]
[Site "Maidenhead"]
[Date "2022.08.27"]
[Round "1"]
[White "Davies, Peter L"]
[Black "Headlong, Georgia"]
[Result "1/2-1/2"]
[WhiteElo "1911"]
[BlackElo "1561"]
[PlyCount "100"]
[EventDate "2022.08.27"]
[EventType "swiss"]
[EventRounds "6"]
[EventCountry "ENG"]
[SourceTitle "CBM 210 Extra"]
[Source "ChessBase"]
[SourceDate "2022.11.30"]
[SourceVersion "1"]
[SourceVersionDate "2022.11.30"]
[SourceQuality "1"]

1. e4 e5 2. Nf3 Nf6 3. Nc3 Nc6 4. d4 exd4 5. Nxd4 Bb4 6. Nxc6 bxc6 7. Bd3 0-0 8. 0-0 d5 9. exd5 cxd5 10. Bg5 c6 11. Qf3 h6 12. Bh4 g5 13. Bg3 Bg4 14. Bc7 Bxf3 15. Bxd8 Rfxd8 16. gxf3 Bxc3 17. bxc3 Rab8 18. Rab1 Nd7 19. Rfe1 Kf8 20. Kg2 Rb6 21. Rb3 Nc5 22. Rxb6 axb6 23. c4 Nxd3 24. cxd3 dxc4 25. dxc4 Ra8 26. Rb1 Ra6 27. Rb2 Ke7 28. Rd2 Ke6 29. Kg3 h5 30. h4 f6 31. hxg5 fxg5 32. Kh3 Ra3 33. Kg2 Rc3 34. Rb2 Rxc4 35. Rxb6 Kd5 36. Rb8 Ra4 37. Rg8 Rxa2 38. Rxg5+ Kd4 39. Rxh5 Re2 40. Rh8 c5 41. f4 Re7 42. Kf3 c4 43. Rd8+ Kc3 44. Rc8 Kd3 45. f5 c3 46. Kf4 c2 47. f6 Re4+ 48. Kf5 Rc4 49. Rxc4 Kxc4 50. f7 c1Q 1/2-1/2

[Event "BCF-chT4S 1920 (4NCL)"]
[Site "England"]
[Date "2020.02.09"]
[Round "6.55"]
[White "Davies, Peter L"]
[Black "Coburn, Joseph A"]
[Result "1/2-1/2"]
[WhiteElo "1928"]
[BlackElo "1784"]
[PlyCount "51"]
[EventDate "2019.11.09"]
[EventType "team-swiss"]
[EventRounds "11"]
[EventCountry "ENG"]
[SourceTitle "EXT 2022"]
[Source "ChessBase"]
[SourceDate "2021.10.06"]
[SourceVersion "1"]
[SourceVersionDate "2021.10.06"]
[SourceQuality "1"]
[WhiteTeam "The Full Ponty"]
[BlackTeam "Wessex III"]
[WhiteTeamCountry "WLS"]
[BlackTeamCountry "ENG"]

1. e4 d6 2. d4 Nf6 3. Nc3 g6 4. Nf3 Bg7 5. Be2 c6 6. a4 a5 7. 0-0 0-0 8. h3 Na6 9. Be3 Nb4 10. Qd2 d5 11. e5 Ne4 12. Nxe4 dxe4 13. Ne1 c5 14. c3 cxd4 15. cxd4 Be6 16. f3 Bd5 17. fxe4 Bxe4 18. Bf3 Bxf3 19. Nxf3 Rc8 20. Rac1 Qd7 21. b3 Rxc1 22. Rxc1 Rc8 23. Bh6 Rxc1+ 24. Qxc1 Bxh6 25. Qxh6 f6 26. exf6 1/2-1/2

[Event "BCF-chT4S 1920 (4NCL)"]
[Site "England"]
[Date "2020.01.12"]
[Round "4.56"]
[White "Wong, Tristan"]
[Black "Davies, Peter L"]
[Result "0-1"]
[WhiteElo "1339"]
[BlackElo "1928"]
[PlyCount "64"]
[EventDate "2019.11.09"]
[EventType "team-swiss"]
[EventRounds "11"]
[EventCountry "ENG"]
[SourceTitle "EXT 2022"]
[Source "ChessBase"]
[SourceDate "2021.10.06"]
[SourceVersion "1"]
[SourceVersionDate "2021.10.06"]
[SourceQuality "1"]
[WhiteTeam "Warwicks Select II"]
[BlackTeam "The Full Ponty"]
[WhiteTeamCountry "ENG"]
[BlackTeamCountry "WLS"]

1. d4 Nf6 2. Bf4 d5 3. e3 e6 4. Nf3 c5 5. c3 Qb6 6. Qc2 Nc6 7. Nbd2 Be7 8. Be2 Bd7 9. 0-0 Rc8 10. Nb3 cxd4 11. Nbxd4 0-0 12. a4 a5 13. Nxc6 bxc6 14. Ne5 Be8 15. b4 Nd7 16. bxa5 Qxa5 17. Nxd7 Bxd7 18. Rfb1 Rfd8 19. Rb7 Bf6 20. Rc1 g6 21. Bd6 Qa8 22. Rcb1 c5 23. Bd1 Bc6 24. Be7 Bxe7 25. R7b6 Bd6 26. R6b2 d4 27. cxd4 Be4 28. Qe2 Bxb1 29. Rxb1 Rb8 30. Ra1 Qa5 31. g3 Rb6 32. Qd3 cxd4 0-1

[Event "BCF-chT4S 1819 (4NCL)"]
[Site "England"]
[Date "2019.04.14"]
[Round "8.82"]
[White "Davies, Peter L"]
[Black "Tucker, David Sidney"]
[Result "1/2-1/2"]
[WhiteElo "1944"]
[BlackElo "1980"]
[PlyCount "31"]
[EventDate "2018.11.17"]
[EventType "team-swiss"]
[EventRounds "11"]
[EventCountry "ENG"]
[SourceTitle "EXT 2021"]
[Source "ChessBase"]
[SourceDate "2020.10.23"]
[SourceVersion "1"]
[SourceVersionDate "2020.10.23"]
[SourceQuality "1"]
[WhiteTeam "The Full Ponty"]
[BlackTeam "Check Innmates II"]
[WhiteTeamCountry "WLS"]
[BlackTeamCountry "ENG"]

1. c4 c5 2. Nf3 Nf6 3. g3 g6 4. b3 Bg7 5. Bb2 0-0 6. Bg2 Nc6 7. 0-0 d6 8. d4 cxd4 9. Nxd4 Bd7 10. Nc3 Rc8 11. Rc1 a6 12. Nd5 e6 13. Nxf6+ Bxf6 14. Qd2 Nxd4 15. Bxd4 Bc6 16. Rfd1 1/2-1/2

[Event "BCF-chT4S 1819 (4NCL)"]
[Site "England"]
[Date "2018.11.17"]
[Round "1.13"]
[White "Davies, Peter L"]
[Black "Rathbone Jones, Ifan"]
[Result "0-1"]
[WhiteElo "1976"]
[BlackElo "1952"]
[PlyCount "114"]
[EventDate "2018.11.17"]
[EventType "team-swiss"]
[EventRounds "11"]
[EventCountry "ENG"]
[SourceTitle "EXT 2021"]
[Source "ChessBase"]
[SourceDate "2020.10.23"]
[SourceVersion "1"]
[SourceVersionDate "2020.10.23"]
[SourceQuality "1"]
[WhiteTeam "The Full Ponty"]
[BlackTeam "Fischer's Catch"]
[WhiteTeamCountry "WLS"]
[BlackTeamCountry "WLS"]

1. c4 e6 2. d4 d5 3. Nf3 Nf6 4. g3 c6 5. Bg2 g6 6. 0-0 Bg7 7. Nc3 0-0 8. Ne5 Nfd7 9. cxd5 exd5 10. Nxd7 Nxd7 11. Be3 Nb6 12. b3 Re8 13. Qd2 f5 14. Rac1 a5 15. Rfd1 Re6 16. Bg5 Qf8 17. Bf4 Qe7 18. Rc2 Bf6 19. h4 Qf7 20. Rdc1 Re8 21. Rd1 Be6 22. Rb1 Qd7 23. Bg5 Bg7 24. Bf4 Bf8 25. Rd1 Bb4 26. Qd3 Rac8 27. Bf3 Qf7 28. Kg2 h5 29. Kg1 Kh7 30. Bg2 Qf8 31. Nb1 Bf7 32. Nd2 Nd7 33. Nf3 Nf6 34. Ng5+ Kg8 35. f3 Qe7 36. Bh3 Kg7 37. Be5 Bd6 38. Bxd6 Qxd6 39. Kg2 Re7 40. Rdc1 Rce8 41. Re1 Re3 42. Qd2 f4 43. Qxa5 fxg3 44. Qb6 R8e7 45. Qc5 Qf4 46. Ne6+ R7xe6 47. Bxe6 Rxe6 48. e3 Qxh4 49. Rh1 Qg5 50. e4 h4 51. e5 Nh5 52. Qb4 h3+ 53. Kg1 h2+ 54. Kf1 Nf4 55. Rg2 Nxg2 56. Kxg2 Qe3 57. Qe1 Qxd4 0-1

[Event "BCF-chT3S 1718 (4NCL) Demotion pool"]
[Site "England"]
[Date "2018.05.06"]
[Round "10.85"]
[White "Graham, William M"]
[Black "Davies, Peter L"]
[Result "1/2-1/2"]
[WhiteElo "1886"]
[BlackElo "1980"]
[PlyCount "102"]
[EventDate "2017.11.11"]
[EventType "team-tourn"]
[EventRounds "11"]
[EventCountry "ENG"]
[SourceTitle "EXT 2020"]
[Source "ChessBase"]
[SourceDate "2019.10.17"]
[SourceVersion "1"]
[SourceVersionDate "2019.10.17"]
[SourceQuality "1"]
[WhiteTeam "Sussex Martlets II"]
[BlackTeam "The Full Ponty"]
[WhiteTeamCountry "ENG"]
[BlackTeamCountry "WLS"]

1. e4 c5 2. c4 Nc6 3. Nc3 d6 4. g3 g6 5. Bg2 Bg7 6. d3 e6 7. Nge2 Nge7 8. 0-0 0-0 9. Be3 Nd4 10. f4 Rb8 11. Bf2 Nxe2+ 12. Qxe2 Nc6 13. Qd2 Nd4 14. Rad1 a6 15. Ne2 Qc7 16. Nxd4 cxd4 17. Rc1 Bd7 18. Qb4 b6 19. Rc2 Qc5 20. Qd2 a5 21. Rb1 Qb4 22. Qe2 e5 23. Be1 Qc5 24. b4 axb4 25. Bxb4 Qc7 26. Qf2 f5 27. Re1 Rbe8 28. exf5 Bxf5 29. Qf3 exf4 30. Qd5+ Kh8 31. Rxe8 Rxe8 32. Bxd6 Qd7 33. Bxf4 Qxd5 34. cxd5 Bxd3 35. Rc7 Bf5 36. d6 h6 37. d7 Rd8 38. Rc8 Rxc8 39. dxc8Q+ Bxc8 40. Bd5 g5 41. Bd2 Be5 42. Kf2 Kg7 43. Kf3 Kf6 44. Bb4 g4+ 45. Ke2 Be6 46. Bxe6 Kxe6 47. Kd3 Kd5 48. Be7 b5 49. Bf8 h5 50. Be7 Bg7 51. Bg5 Be5 1/2-1/2

[Event "BCF-chT3S 1718 (4NCL) Demotion pool"]
[Site "England"]
[Date "2018.05.05"]
[Round "9.85"]
[White "Davies, Peter L"]
[Black "Compton, Alistair"]
[Result "0-1"]
[WhiteElo "1980"]
[BlackElo "2078"]
[PlyCount "82"]
[EventDate "2017.11.11"]
[EventType "team-tourn"]
[EventRounds "11"]
[EventCountry "ENG"]
[SourceTitle "EXT 2020"]
[Source "ChessBase"]
[SourceDate "2019.10.17"]
[SourceVersion "1"]
[SourceVersionDate "2019.10.17"]
[SourceQuality "1"]
[WhiteTeam "The Full Ponty"]
[BlackTeam "The Rookies"]
[WhiteTeamCountry "WLS"]
[BlackTeamCountry "ENG"]

1. e4 e6 2. d4 d5 3. Nc3 Bb4 4. e5 c5 5. a3 Bxc3+ 6. bxc3 Qc7 7. Nf3 Nc6 8. Be2 Bd7 9. 0-0 f6 10. Bf4 Nge7 11. exf6 Qxf4 12. fxe7 c4 13. g3 Qf6 14. Qd2 Qxe7 15. Ne5 Nxe5 16. dxe5 0-0 17. f4 Rad8 18. Qd4 b6 19. a4 Be8 20. a5 b5 21. a6 Bg6 22. Bd1 Be4 23. Rf2 b4 24. cxb4 Qxb4 25. Bg4 Qe7 26. Rb1 Rb8 27. Rb7 Rxb7 28. axb7 Qxb7 29. Bxe6+ Kh8 30. Rf1 Qb6 31. Qxb6 axb6 32. Rb1 g5 33. f5 Bxc2 34. Rxb6 Bxf5 35. Bxd5 Rc8 36. Bb7 Rc7 37. Bd5 c3 38. Rb8+ Kg7 39. Rg8+ Kh6 40. h4 gxh4 41. gxh4 c2 0-1

[Event "BCF-chT3Sa 1718 (4NCL)"]
[Site "England"]
[Date "2018.02.10"]
[Round "5.43"]
[White "Davies, Peter L"]
[Black "Starley, Robert"]
[Result "0-1"]
[WhiteElo "1980"]
[BlackElo "2080"]
[PlyCount "138"]
[EventDate "2017.11.11"]
[EventType "team-tourn"]
[EventRounds "11"]
[EventCountry "ENG"]
[SourceTitle "EXT 2020"]
[Source "ChessBase"]
[SourceDate "2019.10.17"]
[SourceVersion "1"]
[SourceVersionDate "2019.10.17"]
[SourceQuality "1"]
[WhiteTeam "The Full Ponty"]
[BlackTeam "Cambridge University II"]
[WhiteTeamCountry "WLS"]
[BlackTeamCountry "ENG"]

1. e4 e5 2. Nf3 Nc6 3. Bb5 a6 4. Ba4 b5 5. Bb3 Na5 6. Nxe5 Nxb3 7. axb3 Qe7 8. d4 d6 9. Nf3 Qxe4+ 10. Be3 Bb7 11. 0-0 Be7 12. c4 Qg4 13. cxb5 axb5 14. Rxa8+ Bxa8 15. Nbd2 Nf6 16. Qe2 Qd7 17. Bg5 0-0 18. Re1 Bd8 19. Bxf6 Bxf6 20. Ne4 Bd8 21. b4 Bd5 22. Nc3 Bc4 23. Qe3 Qf5 24. d5 Bxd5 25. Nd4 Qh5 26. Ndxb5 Bc4 27. Nd4 Bg5 28. f4 Bf6 29. Ne4 Bd8 30. Nc6 Bh4 31. g3 Bd5 32. Nd4 Bd8 33. Nc3 Bb7 34. Ne4 Qd5 35. Nf3 Kh8 36. Ned2 Bf6 37. b3 c5 38. bxc5 dxc5 39. Qe8 Bd4+ 40. Kg2 Kg8 41. Qe4 Qd7 42. Qe7 Qb5 43. Qe2 Qb4 44. Qd3 Bc6 45. Kh3 Bc3 46. Re3 Bf6 47. Ne4 Bd8 48. Ned2 Qb7 49. g4 Qc8 50. Ne5 h5 51. Qf5 Qxf5 52. gxf5 Bb5 53. Ndc4 Re8 54. Nd6 Bf1+ 55. Kg3 Re7 56. Kf2 Ba6 57. Ndxf7 Rxf7 58. Nxf7 Kxf7 59. Re5 h4 60. Ke1 Be7 61. Kd2 Bc8 62. Ke3 Kf6 63. Ke4 Bd7 64. Ke3 Bxf5 65. Rd5 Be6 66. Rd3 Kf5 67. Kf3 Bf6 68. h3 Bd4 69. Rd1 Bxb3 0-1

[Event "Prague Summer op 4th"]
[Site "Prague"]
[Date "2017.08.10"]
[Round "8"]
[White "Fraczek, Dariusz"]
[Black "Davies, Peter L"]
[Result "1-0"]
[WhiteElo "2104"]
[BlackElo "1966"]
[PlyCount "51"]
[EventDate "2017.08.04"]
[EventType "swiss"]
[EventRounds "9"]
[EventCountry "CZE"]
[SourceTitle "CBM 179 Extra"]
[Source "ChessBase"]
[SourceDate "2017.08.23"]
[SourceVersion "1"]
[SourceVersionDate "2017.08.23"]
[SourceQuality "1"]

1. d4 Nf6 2. Bg5 Ne4 3. Bf4 d5 4. e3 e6 5. Bd3 Nf6 6. Nf3 Be7 7. Ne5 a6 8. Nd2 c5 9. c3 Nc6 10. 0-0 Qb6 11. Rb1 Nd7 12. Nxd7 Bxd7 13. dxc5 Bxc5 14. e4 0-0 15. exd5 exd5 16. Qh5 g6 17. Qxd5 Be6 18. Qf3 f5 19. Rbe1 Bf7 20. Nc4 Qd8 21. b3 Rc8 22. Qg3 b5 23. Nd6 Bxd6 24. Bxd6 Re8 25. Bxf5 Qf6 26. Bxc8 1-0

[Event "Prague Summer op 4th"]
[Site "Prague"]
[Date "2017.08.08"]
[Round "6"]
[White "Lushnikov, Evgeny"]
[Black "Davies, Peter L"]
[Result "1-0"]
[WhiteElo "2121"]
[BlackElo "1966"]
[PlyCount "87"]
[EventDate "2017.08.04"]
[EventType "swiss"]
[EventRounds "9"]
[EventCountry "CZE"]
[SourceTitle "CBM 179 Extra"]
[Source "ChessBase"]
[SourceDate "2017.08.23"]
[SourceVersion "1"]
[SourceVersionDate "2017.08.23"]
[SourceQuality "1"]

1. Nf3 c5 2. e4 Nc6 3. Bb5 Nd4 4. Nxd4 cxd4 5. 0-0 a6 6. Bc4 e6 7. c3 Qb6 8. a4 d6 9. Qe2 Nf6 10. cxd4 Qxd4 11. d3 Be7 12. Nd2 0-0 13. Nf3 Qb6 14. Be3 Qd8 15. a5 d5 16. Bb3 Bd7 17. e5 Ne8 18. Bb6 Qb8 19. Rfc1 f6 20. d4 Bb5 21. Qe3 f5 22. Rc2 h6 23. h4 Bd8 24. Bc5 Rf7 25. Qd2 Nc7 26. Bd6 Qa7 27. Rac1 Bc6 28. Bc5 Qb8 29. Qb4 Nb5 30. Ba4 Kh7 31. Bd6 Bc7 32. Bxc7 Qxc7 33. Bxb5 axb5 34. Ra1 Ra6 35. Ra3 g6 36. Ne1 Qd8 37. h5 gxh5 38. Nd3 Qe7 39. Qc5 Qd8 40. Qb4 Qe7 41. Qxe7 Rxe7 42. Nb4 Ra8 43. Nxc6 bxc6 44. Rxc6 1-0

[Event "Wakefield 4NCL op 14th"]
[Site "Wakefield"]
[Date "2017.07.16"]
[Round "4"]
[White "Bansal, Rohan"]
[Black "Davies, Peter L"]
[Result "1-0"]
[WhiteElo "1956"]
[BlackElo "1991"]
[PlyCount "85"]
[EventDate "2017.07.14"]
[EventType "swiss"]
[EventRounds "5"]
[EventCountry "ENG"]
[SourceTitle "CBM 179 Extra"]
[Source "ChessBase"]
[SourceDate "2017.08.23"]
[SourceVersion "1"]
[SourceVersionDate "2017.08.23"]
[SourceQuality "1"]

1. d4 Nf6 2. c4 e6 3. Nf3 c5 4. d5 exd5 5. cxd5 d6 6. Nc3 g6 7. Bf4 Bg7 8. h3 a6 9. a4 0-0 10. e3 b6 11. Nd2 Nh5 12. Bh2 f5 13. Be2 Nf6 14. Nc4 Ne8 15. Qb3 Nd7 16. Nxd6 Kh8 17. Nc4 Bb7 18. 0-0 Nef6 19. Nd6 Bc8 20. Bf3 Ra7 21. Ne2 Ne8 22. Nc4 Bf6 23. Nf4 Ng7 24. Ne6 Qe8 25. Nxf8 Qxf8 26. Rfd1 Ne8 27. Nxb6 Nxb6 28. Qxb6 Rd7 29. d6 Qg7 30. Bc6 Bd8 31. Qxc5 Nf6 32. Bxd7 Bxd7 33. Be5 h6 34. b4 Kh7 35. b5 axb5 36. axb5 Ne4 37. Bxg7 Nxc5 38. Bd4 Bb6 39. Rac1 Na4 40. Bxb6 Nxb6 41. Rc7 Kg7 42. Rb7 Nd5 43. Rxd7+ 1-0

[Event "Wakefield 4NCL op 14th"]
[Site "Wakefield"]
[Date "2017.07.14"]
[Round "1"]
[White "Sommer, Martin C"]
[Black "Davies, Peter L"]
[Result "1/2-1/2"]
[WhiteElo "2024"]
[BlackElo "1991"]
[PlyCount "52"]
[EventDate "2017.07.14"]
[EventType "swiss"]
[EventRounds "5"]
[EventCountry "ENG"]
[SourceTitle "CBM 179 Extra"]
[Source "ChessBase"]
[SourceDate "2017.08.23"]
[SourceVersion "1"]
[SourceVersionDate "2017.08.23"]
[SourceQuality "1"]

1. d4 Nf6 2. Nf3 c5 3. e3 g6 4. Bd3 Bg7 5. 0-0 0-0 6. c3 b6 7. Nbd2 Ba6 8. Bxa6 Nxa6 9. Qe2 Qc8 10. Ne5 d6 11. Nd3 c4 12. Ne1 d5 13. e4 Nxe4 14. Nxe4 dxe4 15. Qxe4 Qd7 16. f4 e6 17. Nf3 Nc7 18. Ne5 Qd5 19. Qxd5 exd5 20. Bd2 Nb5 21. Rae1 Nd6 22. Bc1 Rac8 23. Ng4 Nf5 24. Re2 Rfe8 25. Rfe1 Rxe2 26. Rxe2 f6 1/2-1/2

[Event "BCF-chT4S 1617 (4NCL)"]
[Site "England"]
[Date "2017.02.12"]
[Round "6.14"]
[White "Varney, Zoe"]
[Black "Davies, Peter L"]
[Result "0-1"]
[WhiteElo "1988"]
[BlackElo "2021"]
[PlyCount "90"]
[EventDate "2016.11.26"]
[EventType "team-swiss"]
[EventRounds "11"]
[EventCountry "ENG"]
[SourceTitle "EXT 2019"]
[Source "ChessBase"]
[SourceDate "2018.10.10"]
[SourceVersion "1"]
[SourceVersionDate "2018.10.10"]
[SourceQuality "1"]
[WhiteTeam "Oxford II"]
[BlackTeam "The Full Ponty"]
[WhiteTeamCountry "ENG"]
[BlackTeamCountry "WLS"]

1. e4 e5 2. Nf3 Nc6 3. Bc4 Nf6 4. Ng5 d5 5. exd5 Na5 6. Bb5+ c6 7. dxc6 bxc6 8. Qf3 cxb5 9. Qxa8 h6 10. Ne4 Be7 11. d3 0-0 12. Nxf6+ Bxf6 13. Qxa7 Nc6 14. Qc5 Nd4 15. Be3 Be7 16. Qc3 Bb4 17. Bxd4 Qxd4 18. 0-0 Bxc3 19. bxc3 Qa4 20. Rc1 Bb7 21. Nd2 e4 22. c4 Re8 23. cxb5 exd3 24. cxd3 Qf4 25. Ne4 f5 26. Ng3 Qd6 27. Nxf5 Qd5 28. Nh4 g5 29. Nf3 Qxb5 30. Rab1 Qd7 31. Nd2 Re2 32. Ne4 Bxe4 33. dxe4 Qd2 34. Rd1 Qxa2 35. Rd8+ Kg7 36. Rb7+ Kg6 37. g4 Rxf2 38. Rd6+ Rf6 39. Rxf6+ Kxf6 40. Rb6+ Ke5 41. Rxh6 Kxe4 42. h4 Kf3 43. Rf6+ Kg3 44. Kf1 Qa1+ 45. Ke2 Qxf6 0-1

[Event "BCF-chT4S 1617 (4NCL)"]
[Site "England"]
[Date "2016.11.27"]
[Round "2.72"]
[White "Davies, Peter L"]
[Black "Redman, David J"]
[Result "0-1"]
[WhiteElo "2021"]
[BlackElo "1937"]
[PlyCount "82"]
[EventDate "2016.11.26"]
[EventType "team-swiss"]
[EventRounds "11"]
[EventCountry "ENG"]
[SourceTitle "EXT 2019"]
[Source "ChessBase"]
[SourceDate "2018.10.10"]
[SourceVersion "1"]
[SourceVersionDate "2018.10.10"]
[SourceQuality "1"]
[WhiteTeam "The Full Ponty"]
[BlackTeam "Poisoned Pawns II"]
[WhiteTeamCountry "WLS"]
[BlackTeamCountry "ENG"]

1. e4 Nf6 2. e5 Nd5 3. d4 d6 4. c4 Nb6 5. exd6 exd6 6. Nf3 Bf5 7. Nc3 Be7 8. Be3 0-0 9. b3 Bf6 10. Be2 Nc6 11. 0-0 d5 12. c5 Nc8 13. a3 N8e7 14. b4 a6 15. Rc1 Re8 16. Qd2 h6 17. Qa2 Be4 18. Rfd1 Nf5 19. Nd2 Bxd4 20. Bxd4 Nfxd4 21. Ndxe4 dxe4 22. Bc4 Ne5 23. Bd5 Ndf3+ 24. Kh1 Qh4 25. h3 Ng5 26. Kg1 c6 27. Bc4 Nxh3+ 28. gxh3 Qxh3 29. Bxf7+ Kf8 30. f4 Nf3+ 31. Kf2 e3+ 32. Ke2 Qg2+ 33. Kd3 Rad8+ 34. Kc4 Nd2+ 35. Rxd2 Rxd2 36. Qb1 Kxf7 37. Qf5+ Kg8 38. Re1 Rc2 39. Qd7 Qd5+ 40. Qxd5+ cxd5+ 41. Kd3 Rd2# 0-1